01739nac a22004211u 4500010001700000020004000017035002300057082002000080090001500100100003400115245021300149260005400362300005900416500002400475500002600499504005400525511002400579650004400603650005100647650005700698650005900755650004700814650001400861650001700875650002000892650001700912650001500929650001400944651004400958651004401002651004201046700002501088700001901113710002501132942002201157999001501179952012301194 a 2006401711 a3931936414 (English edition : pbk.) a(OCoLC)ocm5606813300a392.360917bKRI c8444d8444 aKries, Mateo 00aLiving under the crescent moon : domestic culture in the Arab world /bdomestic culture in the Arab world /ceditor, Mateo Kries, Alexander von Vegesack [et. al. ] ; translations: Jeremy Gaines, ...[et. al. ] aWeil am Rhein :bVitra Design Museum,2003cc2003. a348 p. :bill. (some col.), maps (some col.) ;c33 cm. aExhibition catalog. aDistributer: Al-Ahram aIncludes bibliographical references (p. 345-346). aCatalogued by: Sara 0aDwellingszArab countriesvExhibitions. 0aMaterial culturezArab countriesvExhibitions. 0aArchitecture, DomesticzArab countriesvExhibitions. 0aArchitecture, VernacularzArab countriesvExhibitions. 0aArchitecture domestiquezEÌ?tats arabes. 0aWoningen. 0aWooncultuur. 0aInterieurkunst. 0aHuisvesting. 0aBouwkunst. 0aGebouwen. 0aArab countriesxSocial life and customs 0aArab countriesxSocial life and customs 0aEÌ?tats arabesxMoeurs et coutumes.1 aKries, Mateo,d1974-1 aGaines, Jeremy2 aVitra Design Museum. cBBk392.360917KRI c8444d8444 00104070aMAINbMAINc1STd2008-03-09ePurchasel5m9o392.360917KRIp000010246r2025-07-15 00:00:00s2014-12-23yBB